000 00786nac a22002411u 4500
010 _a 89005676
020 _a0442234996
082 0 0 _a624.28
_bHAR
090 _c7084
_d7084
100 _aHare, Clive H.,
245 1 0 _aPainting of steel bridges and other structures /
_cClive H. Hare.
260 _aNew York :
_bVan Nostrand Reinhold,c1990.
_cc1990.
300 _axiv, 303 p. :
_bill. ;
_c26 cm.
440 0 _aBridge series
500 _aIncludes index.
500 _aDistributer: Al-Ahram.
504 _aBibliography: p. 275-293.
511 _aCatalogued By: Mahitab.
650 0 _aPainting, Structural.
650 0 _aProtective coatings.
650 0 _aBridges, Iron and steel
_xMaintenance and repair.
942 _cBB
_k624.28HAR
999 _c7084
_d7084